000 00634cam a2200229ua 4500
001 10262
008 171111n ii |||gr||||Z||||||asm
020 _a9789383580439
040 _cMAIN
041 _aasm
082 _a301.0954
100 _aSharma, Dipankar,
_eAuthor.
245 _aIndian society and social system (A)
_cBy Dipankar Sharma and others
250 _a1st ed.
260 _aGuwahati:
_bShanti educational foundation,
_c2015.
300 _a272p.
653 _aSociology & anthropology
653 _aBharatiya samaj
700 _aSaikia, Nitul,
_eAuthor.
700 _aBordoloi, Indushree,
_eAuthor.
942 _cBK
999 _c9258
_d9258